[Event "10th KIIT Elite Open 2017"]
[Site "masterchessopen.com Bhubaneswar IND"]
[Date "2017.06.02"]
[Round "10.17"]
[White "Rathnakaran,K"]
[Black "Singh,SV"]
[Result "1-0"]
[WhiteElo "2378"]
[BlackElo "2213"]

1.e4 c5 2.Nf3 d6 3.d4 cxd4 4.Nxd4 Nf6 5.Nc3 Nc6 6.Be3 e5 7.Nb3 Be7 8.f3 O-O
9.Qd2 Be6 10.O-O-O a5 11.Bb5 Nb4 12.Kb1 d5 13.Bc5 Rc8 14.Na4 Bxc5 15.Nbxc5
dxe4 16.Qxd8 Rfxd8 17.Rxd8+ Rxd8 18.a3 Nbd5 19.fxe4 Ne3 20.Nxb7 Rd2 21.Bd3
Rxg2 22.Nxa5 Nfg4 23.Nc5 Bc8 24.Nc6 Kf8 25.a4 Nf2 26.Re1 Nxd3 27.cxd3 Nc2
28.Rh1 Nd4 29.Nxd4 exd4 30.a5 Rg6 31.b4 Ke7 32.Kc2 h5 33.Kb3 h4 34.Ra1 Rg2
35.a6 Bxa6 36.Nxa6 Rxh2 37.b5 Kd6 38.Rc1 Rd2 {#r} 1-0

[Event "ch-POR Rapid 2017"]
[Site "masterchessopen.com Mirandela POR"]
[Date "2017.06.03"]
[Round "1.4"]
[White "Sousa,Andre Ventura"]
[Black "Lobo,Hugo Miguel Caldas"]
[Result "1-0"]
[WhiteElo "2366"]
[BlackElo "1518"]

1.e4 c5 2.Nf3 d6 3.d4 cxd4 4.Nxd4 Nf6 5.Nc3 Nc6 6.Bg5 a6 7.Qd2 e6 8.O-O-O Be7
9.f4 b5 10.Nxc6 Qc7 11.Nxe7 Qxe7 12.e5 dxe5 13.fxe5 h6 14.exf6 gxf6 15.Qd8+
Qxd8 16.Rxd8+ Kxd8 17.Bxf6+ Kc7 18.Bxh8 Bb7 19.Be5+ Kd7 20.Bf6 Rg8 21.Rg1 Bc6
22.g3 Rg6 23.Bh4 Rg8 24.Bg2 Bxg2 25.Rxg2 Rc8 26.Ne4 b4 27.g4 a5 28.Rf2 Ke8
29.Nd6+ Kd7 30.Nxc8 Kxc8 31.Rxf7 {#r} 1-0

[Event "10th KIIT Elite Open 2017"]
[Site "masterchessopen.com Bhubaneswar IND"]
[Date "2017.05.31"]
[Round "8.9"]
[White "Rathanvel,V"]
[Black "Grover,S"]
[Result "0-1"]
[WhiteElo "2361"]
[BlackElo "2478"]

1.e4 c5 2.Nf3 d6 3.d4 cxd4 4.Nxd4 Nf6 5.Nc3 Nc6 6.Bg5 e6 7.Qd2 a6 8.O-O-O Bd7
9.f3 Be7 10.Be3 b5 11.Kb1 O-O 12.g4 Nxd4 13.Bxd4 b4 14.Ne2 e5 15.Be3 Be6
16.Ng3 Qa5 17.b3 Rfc8 18.Nf5 Bf8 19.Bg5 Ne8 20.a4 Rc3 21.Kb2 Rac8 22.Ne3 Nc7
23.Bh4 Nb5 24.Bxb5 axb5 25.Ra1 Qb6 26.Bf2 Qd4 27.Qxd4 exd4 28.Rhc1 dxe3 29.Be1
bxa4 30.Rxa4 Bxb3 31.Rxb4 Rxc2+ 32.Rxc2 Bxc2 33.Rd4 g6 34.Rd5 Bg7+ 35.Ka3 Rb8
{#R} 0-1

[Event "10th KIIT Elite Open 2017"]
[Site "masterchessopen.com Bhubaneswar IND"]
[Date "2017.05.31"]
[Round "8.5"]
[White "Tukhaev,A"]
[Black "Karthik,V4"]
[Result "1-0"]
[WhiteElo "2557"]
[BlackElo "2317"]

1.e4 c5 2.Nf3 d6 3.d4 cxd4 4.Nxd4 Nf6 5.Nc3 g6 6.Be3 Bg7 7.f3 a6 8.Bc4 Nbd7
9.Qd2 Qc7 10.Bb3 Nc5 11.O-O-O b5 12.Kb1 Nxb3 13.cxb3 O-O 14.Bh6 Bb7 15.h4 b4
16.Nce2 Bxh6 17.Qxh6 Kh8 18.h5 Rg8 19.Nf4 gxh5 20.Nf5 Rac8 21.Nxd6 Rcf8 22.e5
{#r} 1-0

[Event "10th KIIT Elite Open 2017"]
[Site "masterchessopen.com Bhubaneswar IND"]
[Date "2017.06.02"]
[Round "10.15"]
[White "Jeet,J"]
[Black "Sidhant,M"]
[Result "0-1"]
[WhiteElo "2151"]
[BlackElo "2393"]

1.e4 c5 2.Nf3 e6 3.d4 cxd4 4.Nxd4 Nc6 5.Nc3 d6 6.Be3 Nf6 7.Be2 Be7 8.Qd2 a6
9.f4 O-O 10.O-O-O Nd7 11.f5 Nde5 12.fxe6 fxe6 13.Rhf1 Rxf1 14.Rxf1 Bd7 15.Kb1
b5 16.Nxc6 Bxc6 17.Bd3 Bf6 18.Ne2 Nc4 19.Bxc4 bxc4 20.Nc3 Bxc3 21.Qxc3 Bxe4
22.Qxc4 d5 23.Qc6 Qc8 24.Qxc8+ Rxc8 25.Rf2 e5 26.Bb6 d4 27.b4 Bg6 28.Bc5 Rd8
29.Kc1 h6 30.a3 Bf7 31.Kb2 Bc4 32.c3 d3 33.Kc1 e4 34.Kd2 Bb5 35.Bd4 Rd7 36.Ke3
Re7 37.Rf5 Kh7 38.Rf2 Kg6 39.Rf4 h5 40.Bc5 Re6 41.Bd4 Kg5 42.h4+ Kg6 43.g4
hxg4 44.Rxg4+ Kh5 45.Rxg7 Kxh4 46.Rh7+ Kg4 47.Rg7+ Kh5 48.Rh7+ Kg6 49.Rg7+ Kh6
50.Rg4 Kh7 51.Rg7+ Kh6 52.Rg4 Re7 53.Rf4 Kg6 54.Rg4+ Kh5 55.Rg7 Re8 56.Rh7+
Kg6 57.Rg7+ Kf5 58.Rf7+ Ke6 59.Ra7 Rg8 60.Rg7 Rf8 61.Rg2 Rf3+ 62.Kd2 Kd5
63.Rg5+ Kc4 64.Be3 Rh3 65.Rg2 Kb3 66.Bd4 Rf3 67.Rf2 Rg3 68.Rf1 Rg2+ 69.Rf2 Rg1
70.a4 Kxa4 71.Ke3 Rg4 72.Be5 Kb3 73.Bd4 Bc6 74.Kd2 Rh4 75.Rf6 Rh2+ 76.Rf2 Rh1
77.Be5 Ra1 78.Ke3 Re1+ {#R} 0-1

[Event "10th Mayors Cup Open 2017"]
[Site "masterchessopen.com Mumbai IND"]
[Date "2017.06.04"]
[Round "1.18"]
[White "Dileep,Kumar R"]
[Black "Raghunandan,K"]
[Result "0-1"]
[WhiteElo "1944"]
[BlackElo "2410"]

1.e4 c5 2.Nf3 d6 3.d4 cxd4 4.Nxd4 a6 5.Nc3 e6 6.Be2 Nf6 7.O-O b5 8.Bf3 Ra7
9.Be3 Rc7 10.Nb3 Nbd7 11.a3 Bb7 12.g3 Be7 13.Bg2 O-O 14.f4 Qa8 15.Re1 Rfc8
16.Bf2 Rxc3 17.bxc3 Nxe4 18.c4 Nxf2 19.Bxb7 Nh3+ 20.Kg2 Nxf4+ 21.gxf4 Qxb7+
22.Qf3 Qxf3+ 23.Kxf3 Rxc4 24.Rac1 d5 25.Na5 Ra4 26.Nc6 Bd6 27.Ne5 Nc5 28.Re3
f6 29.Nd3 Nxd3 30.cxd3 Bxf4 31.Rc8+ Kf7 32.Re2 Be5 33.Ra8 Rxa3 34.Ra7+ Kg6
35.Rg2+ Kf5 36.Rgxg7 Bxh2 37.Rxh7 Rxd3+ 38.Ke2 Ra3 39.Rh5+ Ke4 40.Rh4+ Bf4
41.Rf7 f5 {#R} 0-1

[Event "10th KIIT Elite Open 2017"]
[Site "masterchessopen.com Bhubaneswar IND"]
[Date "2017.05.30"]
[Round "7.4"]
[White "Babujian,L"]
[Black "Nitin,S"]
[Result "0-1"]
[WhiteElo "2438"]
[BlackElo "2426"]

1.e4 c5 2.Nf3 d6 3.d4 cxd4 4.Nxd4 Nf6 5.Nc3 a6 6.Bc4 e6 7.Bb3 Nbd7 8.O-O Nc5
9.Qf3 Be7 10.Re1 O-O 11.Bg5 Qa5 12.h4 h6 13.Bd2 Qc7 14.Qg3 Kh8 15.f4 b5 16.e5
dxe5 17.fxe5 b4 18.Nb1 Nfe4 19.Qf4 Bb7 20.Be3 f6 21.Nf3 fxe5 22.Qh2 Nxb3
23.cxb3 Bc5 24.Nbd2 Nxd2 25.Nxd2 Bxe3+ 26.Rxe3 Qc2 27.Nc4 Rf2 28.Rg3 Raf8
29.Qh3 R8f4 30.Nxe5 Be4 31.Re1 Bf5 32.Ng6+ Bxg6 33.Qxe6 Rf6 34.Qe7 R2f4 35.Qa7
Re4 36.Ra1 Rxh4 {#R} 0-1

[Event "11th BPB Limburg Open"]
[Site "masterchessopen.com Maastricht NED"]
[Date "2017.06.05"]
[Round "7.2"]
[White "Bauer,Ch"]
[Black "Bogner,S"]
[Result "1-0"]
[WhiteElo "2630"]
[BlackElo "2603"]

1.e4 c5 2.Nf3 d6 3.d4 cxd4 4.Nxd4 Nf6 5.Nc3 a6 6.Qf3 Qb6 7.Nb3 Nbd7 8.h3 Qc7
9.a4 b6 10.e5 Bb7 11.exd6 Qb8 12.Qd3 e5 13.Bg5 Bxd6 14.O-O-O Bb4 15.Qc4 Bxc3
16.Qxc3 O-O 17.Bd3 Rc8 18.Qd2 Ne4 19.Qe3 Nxg5 20.Qxg5 Nf6 21.Rhe1 Re8 22.Qg3
Bc6 23.Nd2 Qc7 24.Nc4 Bxa4 25.Rxe5 Rec8 26.Ne3 Bd7 27.Bc4 Kf8 28.Qf4 b5 29.Ba2
a5 30.g4 h6 31.g5 hxg5 32.Qxg5 Re8 33.f4 Rxe5 34.fxe5 Ng8 35.Rg1 g6 36.Bxf7
{#r} 1-0

[Event "10th Mayors Cup Open 2017"]
[Site "masterchessopen.com Mumbai IND"]
[Date "2017.06.05"]
[Round "2.16"]
[White "Pranav,S"]
[Black "Iniyan,P"]
[Result "0-1"]
[WhiteElo "2200"]
[BlackElo "2392"]

1.e4 c5 2.Nf3 d6 3.d4 cxd4 4.Nxd4 Nf6 5.Nc3 a6 6.h3 e5 7.Nde2 h5 8.Bg5 Be7
9.Ng3 h4 10.Nf5 Bxf5 11.exf5 Nbd7 12.Bc4 Rc8 13.Bb3 Rh5 14.Ne4 Nxe4 15.Qxh5
Qa5+ 16.c3 Nxg5 17.Qh8+ Nf8 18.Qxg7 e4 19.Qd4 Qxf5 20.Qa7 Nfe6 21.Ba4+ Kf8
22.Bd7 Rd8 23.Qxb7 Nf3+ 24.gxf3 Qxf3 25.Rf1 Nf4 26.Qxa6 Nd3+ 27.Kd2 Bg5+ {#R}
0-1

[Event "11th BPB Limburg Open"]
[Site "masterchessopen.com Maastricht NED"]
[Date "2017.06.04"]
[Round "4.12"]
[White "Klein,Fe"]
[Black "Van Baar,Esper"]
[Result "1-0"]
[WhiteElo "2323"]
[BlackElo "2030"]

1.e4 c5 2.Nf3 d6 3.d4 cxd4 4.Nxd4 Nf6 5.Nc3 a6 6.h3 e5 7.Nde2 b5 8.Bg5 Be6
9.Bxf6 Qxf6 10.a4 b4 11.Nd5 Bxd5 12.Qxd5 Ra7 13.Ng3 Qe6 14.Qd2 Nc6 15.b3 g6
16.Bc4 Qd7 17.O-O h5 18.Qd3 Qc8 19.c3 Be7 20.Rac1 O-O 21.cxb4 Nxb4 22.Bxf7+
Kh7 23.Rxc8 Nxd3 24.Rxf8 Bxf8 25.Bc4 Nc5 26.f3 Rb7 27.Rb1 Rb4 28.Ne2 Bh6
29.Nc3 Be3+ 30.Kf1 Bd4 31.Nd5 Rb7 32.a5 Rb8 33.b4 Nb7 34.Rc1 Rc8 35.Ke2 Kh6
36.Kd1 Rc6 37.Bf1 Nd8 38.Rxc6 Nxc6 39.Bxa6 Kg5 40.Bb5 Na7 41.Bd7 Kh4 42.Ke2
Kg3 43.Kf1 {#r} 1-0

[Event "6th CHN w Masters 2017"]
[Site "masterchessopen.com Wuxi CHN"]
[Date "2017.06.02"]
[Round "7.3"]
[White "Zhu,Jiner"]
[Black "Zhou,Zirun"]
[Result "1-0"]
[WhiteElo "2184"]
[BlackElo "1984"]

1.e4 c5 2.Nf3 d6 3.d4 cxd4 4.Nxd4 Nf6 5.Nc3 a6 6.h3 e5 7.Nb3 h5 8.Be3 Be7
9.Qd2 Be6 10.f4 Qc7 11.O-O-O Nbd7 12.Nd5 Nxd5 13.exd5 Bf5 14.Bd3 Bxd3 15.Qxd3
Rc8 16.Kb1 Qc4 17.Qd2 Bd8 18.fxe5 dxe5 19.Qf2 a5 20.Rd3 Qb5 21.Rf1 Bf6 22.Qf5
g6 23.Qe4 Bg7 24.a4 Qa6 25.d6 O-O 26.Bg5 Rc6 27.Be7 Rfc8 28.Rxf7 Qc4 29.Qxc4
Rxc4 30.Rf2 Rxa4 31.Rg3 Kh7 32.Bg5 Rf8 33.Rxf8 Bxf8 34.Be7 b6 35.Rc3 Kg8
36.Rc7 Bxe7 37.dxe7 Nf6 38.Rc6 Ne8 39.Rxg6+ Kf7 40.Rxb6 Kxe7 41.Rb5 Kd6
42.Nxa5 Re4 43.b3 Re1+ 44.Kb2 Nc7 45.Nc4+ Ke6 46.Rb6+ Kf5 47.Rh6 Kg5 48.Rc6
Nd5 49.Rc5 Nf4 50.Nxe5 Kf6 51.Nd3 Nxd3+ 52.cxd3 Re2+ 53.Kc3 {#r} 1-0

[Event "6th CHN w Masters 2017"]
[Site "masterchessopen.com Wuxi CHN"]
[Date "2017.06.01"]
[Round "6.3"]
[White "Wang Jue"]
[Black "Zhu,Jiner"]
[Result "0-1"]
[WhiteElo "2339"]
[BlackElo "2184"]

1.e4 c5 2.Nf3 d6 3.d4 Nf6 4.Nc3 cxd4 5.Nxd4 a6 6.h3 e5 7.Nde2 h5 8.Nd5 Nxd5
9.Qxd5 Nd7 10.Nc3 Nf6 11.Qd3 Be6 12.Bd2 Be7 13.O-O-O d5 14.exd5 Nxd5 15.Be2
Nxc3 16.Bxc3 Qxd3 17.Bxd3 f6 18.Bg6+ Bf7 19.Be4 Rb8 20.Rhe1 O-O 21.Rd7 Bc5
22.f3 b5 23.b4 Be6 24.Rb7 Bf2 25.Re2 Bb6 26.Kb2 Rxb7 27.Bxb7 Rf7 28.Be4 Rd7
29.Bd3 Kf7 30.Re1 Rc7 31.a3 Bc4 32.Be4 Rd7 33.Ra1 h4 34.a4 g6 35.axb5 axb5
36.Ra6 Be3 37.Ra1 f5 38.Bd3 Bxd3 39.cxd3 Rxd3 40.Ra5 Rd5 41.Kc2 e4 42.Ra6 Bd4
43.fxe4 fxe4 44.Be1 g5 45.Rc6 Rf5 46.Kd2 Rf6 47.Rc7+ Kg6 48.Rd7 Bf2 49.Ke2
Bxe1 50.Kxe1 e3 51.Rd3 Rf2 52.Rxe3 Rxg2 53.Kf1 Rb2 54.Re4 Rh2 55.Re3 Kf5
56.Rd3 Ke4 57.Rc3 Kd4 58.Rc5 Rxh3 59.Rxb5 Rg3 60.Kf2 Ke4 61.Rc5 Kf4 62.Rc4+
Kf5 63.Rd4 Rb3 64.Kg2 g4 65.Rc4 Rb2+ 66.Kg1 h3 67.Rc3 Rxb4 68.Kh2 Rb2+ 69.Kh1
Kf4 70.Rc4+ Kg3 71.Rc1 Rb4 72.Kg1 Kh4 73.Rc8 g3 74.Rh8+ Kg4 75.Rg8+ Kf3
76.Rf8+ Rf4 77.Rh8 h2+ 78.Kh1 g2+ {#R} 0-1

[Event "10th KIIT Elite Open 2017"]
[Site "masterchessopen.com Bhubaneswar IND"]
[Date "2017.06.01"]
[Round "9.2"]
[White "Amonatov,F"]
[Black "Debashis,D"]
[Result "0-1"]
[WhiteElo "2632"]
[BlackElo "2496"]

1.e4 c5 2.Nf3 d6 3.d4 cxd4 4.Nxd4 Nf6 5.Nc3 a6 6.h3 g6 7.g4 Bg7 8.Be3 O-O
9.Qd2 b5 10.O-O-O Bb7 11.f3 Nbd7 12.h4 Rc8 13.h5 b4 14.Nce2 e5 15.Nb3 Nxe4
16.fxe4 Bxe4 17.Rg1 Rxc2+ 18.Qxc2 Bxc2 19.Kxc2 a5 20.Kb1 a4 21.Nbc1 Qc7 22.Nd3
b3 23.Rc1 bxa2+ 24.Ka1 Qa5 25.h6 Bh8 26.Nc3 e4 27.Nxe4 a3 28.Rg2 Re8 29.Nxd6
Rxe3 30.Nc4 axb2+ 31.Ndxb2 Qc7 32.Rd1 Re8 33.Nd6 Rb8 34.Bb5 Rxb5 35.Nxb5 Qc6
36.Re2 Qxb5 37.Rxd7 Qxd7 {#R} 0-1

[Event "6th CHN w Masters 2017"]
[Site "masterchessopen.com Wuxi CHN"]
[Date "2017.05.31"]
[Round "5.3"]
[White "Lei Tingjie"]
[Black "Wang Jue"]
[Result "1-0"]
[WhiteElo "2482"]
[BlackElo "2339"]

1.e4 c5 2.Nf3 d6 3.d4 cxd4 4.Nxd4 Nf6 5.Nc3 a6 6.f3 e5 7.Nb3 Be6 8.Be3 Be7
9.Qd2 O-O 10.O-O-O Nbd7 11.g4 b5 12.g5 b4 13.Ne2 Ne8 14.f4 a5 15.f5 a4 16.fxe6
axb3 17.cxb3 fxe6 18.Bh3 Nc7 19.Kb1 Kh8 20.Nc1 d5 21.exd5 exd5 22.Rhe1 Bd6
23.Qc2 e4 24.Bxd7 Qxd7 25.Bb6 Rac8 26.Qd2 Rf5 27.h4 Ne6 28.Be3 Qe7 29.Ne2 Rcf8
30.Rc1 Qb7 31.h5 Qa6 32.Rcd1 Nc5 33.Nc1 Ra8 34.Qe2 Nd3 35.Rf1 Rxf1 36.Qxf1 Be5
37.Qf5 Nxc1 38.Bxc1 Qd6 39.Rf1 Rd8 40.h6 g6 41.Qf7 d4 42.Bf4 Rg8 43.Bxe5+ Qxe5
44.Qd7 e3 45.a4 {#r} 1-0

[Event "10th KIIT Elite Open 2017"]
[Site "masterchessopen.com Bhubaneswar IND"]
[Date "2017.05.31"]
[Round "8.20"]
[White "Iniyan,P"]
[Black "Aditya,Mittal"]
[Result "1-0"]
[WhiteElo "2392"]
[BlackElo "2211"]

1.e4 c5 2.Nf3 d6 3.d4 cxd4 4.Nxd4 Nf6 5.Nc3 a6 6.h3 e6 7.g4 b5 8.Bg2 Bb7 9.O-O
Qc7 10.g5 Nfd7 11.f4 b4 12.Nce2 Nc5 13.Ng3 Nc6 14.Nxc6 Bxc6 15.b3 d5 16.exd5
O-O-O 17.a3 Bxd5 18.Bxd5 Rxd5 19.Qe2 bxa3 20.b4 Nb7 21.c4 Rxg5 22.fxg5 Qxg3+
23.Qg2 Qxg2+ 24.Kxg2 Bxb4 25.Rxf7 Rd8 26.Bxa3 Rd2+ 27.Rf2 Rxf2+ 28.Kxf2 Bd2
29.h4 Bc3 30.Rc1 Bd4+ 31.Kf3 g6 32.Rd1 e5 33.Ke4 Bf2 34.Ra1 Na5 35.Kd5 Kd7
36.h5 e4 37.hxg6 hxg6 38.Bb4 Nb3 39.Ra2 Kc8 40.Kxe4 a5 41.Ba3 a4 42.Kd5 Be3
43.c5 Bxg5 44.c6 Bf6 45.Rf2 Bd8 46.Rf8 Na5 47.Be7 {#r} 1-0

[Event "10th KIIT Elite Open 2017"]
[Site "masterchessopen.com Bhubaneswar IND"]
[Date "2017.06.02"]
[Round "10.3"]
[White "Tukhaev,A"]
[Black "Nitin,S"]
[Result "1-0"]
[WhiteElo "2557"]
[BlackElo "2426"]

1.e4 c5 2.Nf3 d6 3.d4 cxd4 4.Nxd4 Nf6 5.Nc3 a6 6.Be2 e5 7.Nb3 Be7 8.O-O O-O
9.Kh1 b5 10.a4 b4 11.Nd5 Nxd5 12.Qxd5 Ra7 13.Be3 Be6 14.Qd2 Rb7 15.f4 exf4
16.Bxf4 Bf6 17.Nd4 Bc8 18.Bc4 Rc7 19.Bb3 Bb7 20.Qxb4 Bxe4 21.Ne6 Bxg2+ 22.Kxg2
fxe6 23.Qxd6 Rc6 24.Qxd8 Rxd8 25.Rad1 Nd7 26.Rd6 Rxd6 27.Bxd6 Kf7 28.Re1 Nf8
29.Bxf8 Rd2+ 30.Kf3 Kxf8 31.Rxe6 a5 32.Ra6 Rxh2 33.Rxa5 Bxb2 34.Ra7 Rf2+
35.Ke3 Rf1 36.a5 Re1+ 37.Kd3 Rd1+ 38.Kc4 h5 39.a6 Ra1 40.Kb5 Bd4 41.Rd7 Be3
42.Rf7+ Ke8 43.Rxg7 h4 44.Rh7 Bf2 45.Ba4 Rb1+ 46.Kc4+ {#r} 1-0

[Event "10th KIIT Elite Open 2017"]
[Site "masterchessopen.com Bhubaneswar IND"]
[Date "2017.06.02"]
[Round "10.24"]
[White "Ziatdinov,R"]
[Black "Cholleti,S"]
[Result "1-0"]
[WhiteElo "2291"]
[BlackElo "2133"]

1.e4 c5 2.Nf3 d6 3.d4 cxd4 4.Nxd4 Nf6 5.Nc3 a6 6.Be2 e5 7.Nb3 Be7 8.O-O O-O
9.Qd3 Nc6 10.Bg5 Be6 11.Rfd1 Ne8 12.Bxe7 Nxe7 13.Rd2 Qb6 14.Rad1 Rd8 15.Qg3 f5
16.Qh3 Nc7 17.Qe3 Qxe3 18.fxe3 fxe4 19.Rxd6 Rxd6 20.Rxd6 Bxb3 21.axb3 Nf5
22.Rd7 Nb5 23.Bc4+ Kh8 24.Nd5 Nbd6 25.Be2 g6 26.g4 {#r} 1-0

[Event "10th KIIT Elite Open 2017"]
[Site "masterchessopen.com Bhubaneswar IND"]
[Date "2017.05.31"]
[Round "8.11"]
[White "Erigaisi,Arjun"]
[Black "Babujian,L"]
[Result "0-1"]
[WhiteElo "2338"]
[BlackElo "2438"]

1.e4 c5 2.Nf3 d6 3.d4 cxd4 4.Nxd4 Nf6 5.Nc3 a6 6.Bg5 Nbd7 7.Qe2 Qa5 8.f4 h6
9.Bh4 e6 10.O-O-O Qh5 11.Nf3 b5 12.h3 Qc5 13.e5 b4 14.Na4 Qa5 15.exf6 Qxa4
16.Qe4 d5 17.Rxd5 Bb7 18.Bc4 g5 19.fxg5 hxg5 20.Nxg5 O-O-O 21.Nxf7 exd5
22.Bxd5 Bxd5 23.Qxd5 Rxh4 24.g3 b3 25.axb3 Qe4 26.Qxe4 Rxe4 27.Nxd8 Kxd8 28.c3
Nxf6 29.Rf1 Bh6+ 30.Kb1 Nd7 31.b4 Re3 32.Rf5 Rxg3 33.Rh5 Rg6 34.Ka2 Kc7 35.Kb3
Kb6 36.h4 Bf4 37.Rf5 Bc1 38.Rf1 Bh6 39.Rf5 Rg2 40.Rd5 Kc6 41.Ra5 Nb8 42.Rc5+
Kb6 43.Re5 Nc6 44.Re1 Rh2 45.Ka3 Rxh4 46.Re2 Rh1 47.Rf2 Be3 48.Rf3 Re1 49.Kb3
Re2 50.Rf1 Ne5 51.Rd1 Bd2 52.Kc2 Bf4+ 53.Kb3 Nf3 54.Ra1 Nd2+ 55.Ka4 Nc4 56.b3
Nb2+ 57.Ka3 Nd3 {#R} 0-1

[Event "ch-POR Rapid 2017"]
[Site "masterchessopen.com Mirandela POR"]
[Date "2017.06.03"]
[Round "1.1"]
[White "Carvalho,Vitor Manuel Moreira"]
[Black "Galego,L"]
[Result "0-1"]
[WhiteElo "1461"]
[BlackElo "2482"]

1.e4 c5 2.Nf3 e6 3.d4 cxd4 4.Nxd4 Nf6 5.Bg5 d6 6.Nc3 a6 7.Bd3 Be7 8.O-O Qc7
9.Qd2 h6 10.Be3 Ng4 11.h3 Nxe3 12.Qxe3 O-O 13.Kh1 Nc6 14.Nxc6 Qxc6 15.Ne2 b5
16.c3 Qc5 17.Qxc5 dxc5 18.Rfd1 Rd8 19.Bc2 Bb7 20.Nf4 b4 21.cxb4 cxb4 22.Nd3
Rac8 23.Ne1 Bf6 24.Rxd8+ Rxd8 25.Rb1 Rd2 26.b3 Rxf2 27.Bd3 {#R} 0-1

[Event "11th BPB Limburg Open"]
[Site "masterchessopen.com Maastricht NED"]
[Date "2017.06.05"]
[Round "7.10"]
[White "Villwock,M"]
[Black "Maki Uuro,Mi"]
[Result "0-1"]
[WhiteElo "2075"]
[BlackElo "2337"]

1.e4 e6 2.d3 d5 3.Qe2 Be7 4.Nf3 Nf6 5.g3 b6 6.e5 Nfd7 7.Bg2 O-O 8.O-O Bb7 9.c4
dxc4 10.dxc4 Nc6 11.Rd1 Qc8 12.Nc3 Rd8 13.h4 h6 14.Bf4 Nc5 15.Rxd8+ Qxd8
16.Rd1 Qe8 17.Nh2 Rd8 18.Rxd8 Qxd8 19.Qg4 Qd4 20.Qh5 Nd3 21.Be3 Qxe5 22.Qe2
Nc5 23.Ng4 Qf5 24.Nb5 a6 25.Nxc7 h5 26.Bxc5 Bxc5 27.Ne3 Qe5 28.Qd1 Qxc7
29.Qxh5 Bxe3 {#R} 0-1

[Event "10th Mayors Cup Open 2017"]
[Site "masterchessopen.com Mumbai IND"]
[Date "2017.06.05"]
[Round "3.9"]
[White "Adarsh,Tripathi"]
[Black "Das,Say"]
[Result "0-1"]
[WhiteElo "1866"]
[BlackElo "2396"]

1.e4 e6 2.Nc3 d5 3.Nf3 Nf6 4.e5 Nfd7 5.d4 c5 6.dxc5 Nc6 7.Bf4 Nxc5 8.Be3 a6
9.Qd2 Qc7 10.O-O-O b5 11.Bxc5 Bxc5 12.Qg5 O-O 13.Bd3 h6 14.Qg3 Bd7 15.h4 Rac8
16.h5 Nb4 17.Kb1 Be7 18.Nd4 f6 19.Qg6 Nxd3 20.Rxd3 Qxe5 21.Rg3 f5 22.Nxe6 Bxe6
23.Re3 Bf7 24.Rxe5 Bxg6 25.hxg6 Bf6 26.Rxd5 Bxc3 27.bxc3 Rc6 28.Rh5 Rxg6
29.Rdxf5 Rxg2 30.Rxf8+ Kxf8 31.Rf5+ Ke7 32.Kb2 g6 33.Rf3 h5 34.c4 bxc4 35.Kc3
Rg4 36.Kd2 h4 37.Ke2 Re4+ 38.Kf1 a5 39.Kg2 Ke6 40.Ra3 Re5 41.Ra4 Rc5 42.Ra3 g5
43.Kh3 Kf5 44.Rf3+ Kg6 45.Rf8 Rf5 46.Rg8+ Kf7 47.Rc8 Rxf2 48.Rxc4 Kg6 49.Rc8
Rf3+ 50.Kg2 Ra3 51.Rg8+ Kh5 52.Rh8+ Kg4 53.Rc8 Rxa2 54.Rc4+ Kh5 55.Rc8 a4
56.Kf3 Ra1 57.Rh8+ Kg6 58.Rg8+ Kf6 59.Ra8 Rf1+ 60.Kg2 Rf4 61.Ra6+ Kf5 62.Kh3
Rf3+ 63.Kg2 Rg3+ 64.Kh2 a3 65.Ra5+ Kg4 66.Ra4+ Kh5 67.Rc4 Re3 68.Rc5 h3 69.Rc4
a2 70.Ra4 g4 71.Ra8 Re2+ 72.Kg3 Rg2+ 73.Kf4 h2 74.Kf5 Rf2+ 75.Ke5 g3 {#R} 0-1

[Event "10th KIIT Elite Open 2017"]
[Site "masterchessopen.com Bhubaneswar IND"]
[Date "2017.06.01"]
[Round "9.16"]
[White "Sammed Jaykumar,Shete"]
[Black "Saravana,Kr"]
[Result "1-0"]
[WhiteElo "2263"]
[BlackElo "2345"]

1.e4 e6 2.d4 d5 3.Bd3 dxe4 4.Bxe4 Nf6 5.Bf3 c5 6.Ne2 Nc6 7.Be3 e5 8.Bxc6+ bxc6
9.dxe5 Qxd1+ 10.Kxd1 Ng4 11.Nd2 Nxe5 12.h3 Be6 13.Ke1 O-O-O 14.f4 Nd7 15.c4 g6
16.Rd1 Be7 17.Kf2 Rhe8 18.b3 Bf5 19.Nf3 h5 20.Ng3 Be6 21.Ne4 Rf8 22.Ne5 Kc7
23.Nxd7 Bxd7 24.Bxc5 Bxc5+ 25.Nxc5 Bf5 26.Rhe1 Rxd1 27.Rxd1 a5 28.Kf3 h4
29.Ne4 Rb8 30.Nc3 Re8 31.Kf2 Re7 32.Rd2 Re8 33.Rd4 Rh8 34.c5 Re8 35.Ne2 Rb8
36.Nc3 Rb4 37.Ke3 Rb8 38.Ra4 Ra8 39.Ne4 Be6 40.Nd6 Bd5 41.Kf2 Kd7 42.b4 Rb8
43.a3 axb4 44.Rxb4 Ra8 45.Rb7+ Ke6 46.Nxf7 Kf5 47.Nd6+ Kxf4 48.Rb4+ Ke5 49.a4
g5 50.Rg4 Kf6 51.Rd4 Ra5 52.Rxd5 cxd5 53.c6 Rxa4 54.c7 Ra8 55.c8=Q Rxc8
56.Nxc8 Ke5 57.Kf3 d4 58.Nb6 d3 59.Nc4+ Kd4 60.Nd2 {#r} 1-0

[Event "10th KIIT Elite Open 2017"]
[Site "masterchessopen.com Bhubaneswar IND"]
[Date "2017.06.01"]
[Round "9.19"]
[White "Dixit,Nikhil"]
[Black "Mitrabha,G"]
[Result "0-1"]
[WhiteElo "2101"]
[BlackElo "2299"]

1.e4 e6 2.d4 d5 3.exd5 exd5 4.c4 Nf6 5.Nc3 Be7 6.Nf3 O-O 7.Be2 dxc4 8.Bxc4 Bg4
9.O-O Nbd7 10.Be2 Nb6 11.Be3 c6 12.Qb3 Nfd5 13.a4 Be6 14.Qd1 a5 15.Ne5 Bf6
16.Nd3 Be7 17.Nf4 Nxf4 18.Bxf4 Nd5 19.Be5 Bb4 20.Bd3 Ne7 21.Qh5 Ng6 22.Ne4 f6
23.f4 Be7 24.Rad1 fxe5 25.dxe5 Qd4+ 26.Kh1 Bb3 27.Rd2 Bd5 28.Bb1 Qe3 29.Re2
Rxf4 30.Rfe1 Qd4 31.Nf6+ Bxf6 32.exf6 Qxf6 33.Kg1 Rf8 {#R} 0-1

[Event "10th Mayors Cup Open 2017"]
[Site "masterchessopen.com Mumbai IND"]
[Date "2017.06.05"]
[Round "3.16"]
[White "Tukhaev,A"]
[Black "Chitlange,Sakshi"]
[Result "1-0"]
[WhiteElo "2557"]
[BlackElo "2090"]

1.e4 e6 2.d4 d5 3.e5 c5 4.c3 Qb6 5.Nf3 Nc6 6.Na3 cxd4 7.cxd4 Nge7 8.Nc2 Nf5
9.Bd3 Bb4+ 10.Kf1 Be7 11.h4 h5 12.g3 Bd7 13.Kg2 a5 14.Bxf5 exf5 15.Bg5 Kf8
16.Qd2 Bxg5 17.Nxg5 Ne7 18.Ne3 g6 19.Rhc1 Kg7 20.Rc5 Rhc8 21.Rac1 Rc6 22.R1c3
a4 23.Kh2 Ra5 24.Ng2 Qc7 25.Nf4 Raxc5 26.dxc5 Qxe5 27.Re3 Qf6 28.Qe2 Nc8
29.Nxd5 Qd4 30.Rd3 Qxc5 31.b4 axb3 32.axb3 Qb5 33.Qb2+ f6 34.Nf4 Rd6 35.Rc3
Qf1 36.Rc1 Rd1 37.Nfe6+ Bxe6 38.Nxe6+ Kf7 39.Nd8+ Kg7 40.Ne6+ Kf7 41.Rxd1 Qxd1
42.Nf4 Nd6 43.Qc3 Ne8 44.Qc4+ Kg7 45.Qb5 Qe1 46.Qxb7+ Kg8 47.Qb6 Qe7 48.Nxg6
{#r} 1-0

[Event "11th BPB Limburg Open"]
[Site "masterchessopen.com Maastricht NED"]
[Date "2017.06.04"]
[Round "4.2"]
[White "Keetman,Maaike"]
[Black "Sadler,M"]
[Result "0-1"]
[WhiteElo "2144"]
[BlackElo "2684"]

1.e4 e6 2.d4 d5 3.Nd2 Be7 4.Ngf3 Nf6 5.Bd3 c5 6.exd5 Qxd5 7.dxc5 Nbd7 8.Nb3
Nxc5 9.Nxc5 Qxc5 10.O-O O-O 11.Be3 Qc7 12.Bd4 b6 13.c3 Bb7 14.Qe2 Rad8 15.Rfe1
Rd5 16.Be5 Qc8 17.Nd4 Nd7 18.Bg3 Nc5 19.Bc4 Rdd8 20.Be5 Bd6 21.Rad1 Bxe5
22.Qxe5 a6 23.Be2 b5 24.Nb3 Na4 25.Rb1 Qa8 26.Qg3 Be4 27.Bf3 Bxf3 28.Qxf3 Qxf3
29.gxf3 Rd3 30.Re3 Rfd8 31.Kf1 g6 32.Ke2 R3d5 33.f4 R8d7 34.Re5 Kg7 35.Kf3
Rd3+ 36.Re3 Rd1 37.Re1 Rxe1 38.Rxe1 Nxb2 39.Nc5 Rd6 40.Re2 Nc4 41.Rc2 a5
42.Nb3 Kf6 43.a4 bxa4 44.Nd4 a3 45.Ra2 Rb6 46.Ne2 Rb2 47.Nc1 Kf5 48.Ra1 f6
49.Ne2 e5 50.fxe5 fxe5 51.Nc1 e4+ 52.Kg3 g5 53.Ra2 h5 54.h4 gxh4+ 55.Kxh4 Rxa2
56.Nxa2 Kf4 {#R} 0-1

[Event "11th BPB Limburg Open"]
[Site "masterchessopen.com Maastricht NED"]
[Date "2017.06.03"]
[Round "3.3"]
[White "Frischmann,Rick"]
[Black "Sadler,M"]
[Result "0-1"]
[WhiteElo "2302"]
[BlackElo "2684"]

1.e4 e6 2.d4 d5 3.Nd2 Be7 4.Bd3 c5 5.dxc5 Nf6 6.Qe2 O-O 7.Ngf3 a5 8.O-O Na6
9.e5 Nd7 10.c4 Naxc5 11.Bc2 b6 12.Nd4 Ba6 13.Nc6 Qe8 14.Re1 f5 15.Nxe7+ Qxe7
16.b3 Nb8 17.Qe3 Nc6 18.cxd5 exd5 19.Nf3 Nb4 20.Bb1 f4 21.Qd2 Nbd3 22.Bxd3
Nxd3 23.Rd1 Rac8 24.Bb2 Rf5 25.Bd4 Rc6 26.a3 Qe8 27.Ra2 Qh5 28.e6 Rxe6 29.Qc3
Rg5 30.Kh1 Rxg2 31.Rxd3 Bxd3 32.Qxd3 Reg6 33.Ra1 Qh3 34.Qe2 Rxh2+ 35.Nxh2 Qg2#
0-1